00975nam a2200265 i 4500003000900000005001700009007000300026008004100029020001500070040003000085082001800115110010500133245006000238260003800298300002000336336002700356337003300383338002800416504002900444590002700473910001400500942001400514952016400528999001700692DO-SdBNP20250607073644.0ta250311s1997 enko 000 0 spa d a9280114204 aDO-SdBNPbspacBNPHUerda axxxxbxxx2221 aRepública Dominicana. b Secretaria de Estado de Salud Pública y Asistencia Social (2001)95654910aField guide for oil spill response in tropical waters / aLondon, Inglaterra :bIMO,c1997. a54 p. ;c24 cm. atextobtxt2rdacontent asin mediaciónbn2rdamedia avolumenbnc2rdacarrier aBibliografía p: 53-54. aInventariado, 2025/ YL aYLockward 2ddccLBS1 00102ddc56708GRaBNPHUbBNPHUcCTd2025-03-11eDonado por el Archivo General de la Nación l0oBNPHU GR xxxx xxxp2025-1695r2025-03-11w2025-03-11yLBS1 c58379d58379